=LDR 00000nam 2200000 4500 =001 INLIS000000000028263 =005 20130612130600 =008 ***********************************Ind** =035 ##$$0010-061300000028263 =041 ##$$a Ind =090 ##$$a 2X7.3, Alf l =100 ##$$a Al-Fiqqi, Sa'ad Karim =245 ##$$a 52 Nasehat agar anak tidak durhaka, Sa'ad Karim Al Fiqqi; Penerjemah Ahsan Aksan; khairul Anam =260 ##$$a 2007 $b Jakarta =300 ##$$a 284 hlm, 17 cm =650 ##$$a Islam - Nasehat =850 ##$$a NBPNMAT